| 000 | 00717 a2200229 4500 | ||
|---|---|---|---|
| 005 | 20260325125107.0 | ||
| 008 | 251119b |||||||| |||| 00| 0 eng d | ||
| 020 | _a978-81-956020-3-2 | ||
| 041 | _aEng | ||
| 082 |
_21st _aMS 610.73677 TNA _bTNAI |
||
| 100 |
_aTNAI Pub. _9217281 |
||
| 245 | _aMedical Surgical Nursing : Nursing Process Approach Vol.2 | ||
| 250 | _a1st | ||
| 260 |
_bTNAI _c2024 _aNew Delhi |
||
| 300 |
_a1013p (911p to1923p) _bpb _c28x21cm |
||
| 365 |
_aRupaye _b1475 _cINR |
||
| 500 | _aMedical Surgical Nursing | ||
| 521 | _aMedical Surgical: Vol.2 Nursing Process Approch | ||
| 650 |
_aMedical Surgical Nursing _9217282 |
||
| 651 |
_aMedical Surgical Nursing _9217283 |
||
| 942 | _cBK | ||
| 999 |
_c369100 _d369100 |
||